| Поле | Название | Значение |
| |
Тип записи |
a |
| |
Библиографический уровень |
c |
| 001 |
Контрольный номер |
RU\NLR\BIBL_A\010364663 |
| 005 |
Дата корректировки |
20201206204956.2 |
| 010 |
Индекс ISBN |
__ |
| a |
ISBN |
978-5-4448-0155-0 (в пер.) |
| d |
Цена |
333-15 |
| 100 |
Данные общей обработки |
__ |
| a |
Данные общей обработки |
19151123d2014||||||| 0rusy0189 ca |
| 101 |
Язык документа |
0_ |
| a |
Язык текста |
rus |
| 102 |
Страна публикации |
__ |
| a |
Страна публикации |
RU| |
| 105 |
Кодированные данные (монография) |
__ |
| a |
Кодированные данные (монография) |
#|||||||000zy |
| 200 |
Заглавие и сведения об ответственности |
1_ |
| a |
Заглавие |
Большая война России |
| e |
Сведения, относящиеся к заглавию |
социальный порядок, публичная коммуникация и насилие на рубеже царской и советской эпох : [сборник статей] |
| f |
Первые сведения об ответственности |
[редакторы: К. Бруиш, Н. Катцер] |
| b |
Общее обозначение материала |
Текст |
| 210 |
Выходные данные |
__ |
| a |
Место издания |
Москва |
| c |
Издательство |
Новое литературное обозрение |
| d |
Дата издания |
2014 |
| 215 |
Физическое описание |
__ |
| a |
Объем |
206, [1] с. |
| d |
Формат |
22 см |
| 225 |
Серия |
__ |
| a |
Серия |
Studia Europaea |
| 225 |
Серия |
__ |
| a |
Серия |
Historia rossica |
| 300 |
Общие примечания |
__ |
| a |
Общие примечания |
1000 экз. |
| 320 |
Библиография |
__ |
| a |
Библиография |
Библиогр. в подстроч. примеч. |
| 330 |
Аннотация |
__ |
| a |
Аннотация |
Хотя Первая мировая война стала для России историческим водоразделом, в историографии, да и в общественном сознании она ассоциируется в основном с событиями на Западном фронте. Этому способствовало, в частности, разделение российской истории начала XX века на дореволюционный и советский периоды. Цель данного сборника - включить в общеевропейский контекст механизмы усвоения, истолкования и переработки российского опыта Первой мировой войны и последовавших за ней событий. Их осмысление важно для ответа на вопрос, можно ли считать революцию 1917 года и Гражданскую войну вехами "особого пути" России или же они были следствием той кризисной ситуации, с которой столкнулись и другие воевавшие государства. |
| 517 |
Другие варианты заглавия |
__ |
| a |
Другие варианты заглавия |
Социальный порядок, публичная коммуникация и насилие на рубеже царской и советской эпох |
| 606 |
Тематические рубрики |
__ |
| a |
Основная рубрика |
История |
| z |
Хронологическая подрубрика |
20 в. нач. |
| y |
Географическая подрубрика |
Российская империя |
| y |
Географическая подрубрика |
Россия |
| 606 |
Тематические рубрики |
__ |
| a |
Основная рубрика |
Россия в XVIII в. - 1917 г. |
| 610 |
Ключевые слова |
__ |
| a |
Ключевые слова |
Гражданская война |
| a |
Ключевые слова |
еврейские погромы |
| a |
Ключевые слова |
инвалидность |
| a |
Ключевые слова |
национализм |
| a |
Ключевые слова |
Октябрьская революция |
| a |
Ключевые слова |
октябрьский переворот |
| a |
Ключевые слова |
Первая мировая война |
| a |
Ключевые слова |
сестры милосердия |
| a |
Ключевые слова |
социальная защита |
| a |
Ключевые слова |
социальная история |
| 686 |
Индексы других классификаций |
__ |
| 2 |
Код системы |
rubbks |
| a |
Классификационный индекс |
63.3(2)534-68 |
| 686 |
Индексы других классификаций |
__ |
| 2 |
Код системы |
rubbks |
| a |
Классификационный индекс |
63.3(2)535-68 |
| 702 |
Вторичная интеллектуальная ответственность |
_1 |
| a |
Фамилия |
Бруиш |
| b |
Имя |
К. |
| 4 |
Код отношения |
Редактор |
| g |
Полное личное имя |
К. |
| 4 |
Код отношения |
340 |
| 702 |
Вторичная интеллектуальная ответственность |
_1 |
| a |
Фамилия |
Катцер |
| b |
Имя |
Н. |
| 4 |
Код отношения |
Редактор |
| 4 |
Код отношения |
340 |
| 801 |
Источник записи |
_0 |
| a |
Страна |
RU |
| b |
Организация |
Муниципальное бюджетное учреждение культуры "Централизованная библиотечная система" г. Сургут (Центральная городская библиотека им. А. С. Пушкина) |
| c |
Дата составления |
20151123 |
| g |
Правила каталогизации |
КиК/Котельникова |
| 801 |
Источник записи |
_1 |
| a |
Страна |
RU |
| b |
Организация |
Муниципальное бюджетное учреждение культуры "Централизованная библиотечная система" г. Сургут (Центральная городская библиотека им. А. С. Пушкина) |
| c |
Дата составления |
20151123 |
| g |
Правила каталогизации |
КиК/Котельникова |
| 852 |
Данные о местонахождении |
__ |
| j |
Шифр хранения |
63.3(2)534-68 |
| i |
Авторский знак |
Б 79 |
| 901 |
Тип документа |
__ |
| t |
Тип документа |
m |
| 903 |
Характеристики (МАРС) |
__ |
| a |
Дата передачи |
20151123 |
| 990 |
Данные о заказе (DOS) |
__ |
| j |
Количество экземпляров (DOS) |
1 |
| t |
N записи в КСУ для И/У (DOS) |
201511 |